| Tag |
First Indicator |
Second Indicator |
Subfields |
| LEADER |
00000pam a2200000 a 4500 |
| 001 |
in00000409261 |
| 005 |
20151012052650.0 |
| 008 |
850813s1986 ilu 00010 eng |
| 010 |
|
|
|a 85016562
|
| 020 |
|
|
|a 0226038580 (pbk.)
|
| 020 |
|
|
|a 0226038572 (hard)
|
| 035 |
|
|
|a (OCoLC)12551923
|
| 035 |
|
|
|9 ABU1424AM
|
| 039 |
0 |
|
|a 2
|b 3
|c 3
|d 3
|e 3
|
| 040 |
|
|
|a DLC
|c DLC
|d TXA
|d UtOrBLW
|
| 049 |
|
|
|a TXAM
|c [A09386808]
|
| 050 |
0 |
0 |
|a PN149
|b .B295 1986
|
| 082 |
0 |
|
|a 808/.02
|2 19
|
| 100 |
1 |
|
|a Barzun, Jacques,
|d 1907-2012.
|
| 245 |
1 |
0 |
|a On writing, editing, and publishing :
|b essays, explicative and hortatory /
|c Jacques Barzun ; with a foreword by Morris Philipson.
|
| 250 |
|
|
|a 2nd ed., expanded.
|
| 264 |
|
1 |
|a Chicago :
|b University of Chicago Press,
|c 1986.
|
| 300 |
|
|
|a xi, 148 pages ;
|c 21 cm.
|
| 336 |
|
|
|a text
|b txt
|2 rdacontent
|
| 337 |
|
|
|a unmediated
|b n
|2 rdamedia
|
| 338 |
|
|
|a volume
|b nc
|2 rdacarrier
|
| 490 |
1 |
|
|a Chicago guides to writing, editing, and publishing
|
| 650 |
|
0 |
|a Authorship.
|
| 650 |
|
0 |
|a Authors and publishers.
|
| 830 |
|
0 |
|a Chicago guides to writing, editing, and publishing.
|
| 999 |
|
|
|a MARS
|
| 999 |
f |
f |
|s 6534f1b2-f148-3181-8ebc-1ee38d8e7106
|i b740b7d5-a11f-3b45-9dcc-1846756a12ce
|t 0
|
| 952 |
f |
f |
|p ric
|a Texas A&M University
|b Rellis Campus
|c Joint Library Facility
|d Remote Storage
|t 0
|e PN149 .B295 1986
|h Library of Congress classification
|i unmediated -- volume
|m A14809386808
|
| 998 |
f |
f |
|a PN149 .B295 1986
|t 0
|l Remote Storage
|